[Event "AUT-chT (Women) 2122"]
[Site "Austria"]
[Date "2022.03.27"]
[Round "7.4"]
[White "Mattersberger, Melanie"]
[Black "Moerwald, Magdalena"]
[Result "0-1"]
[WhiteElo "1763"]
[BlackElo "1895"]
[PlyCount "106"]
[EventDate "2021.11.06"]
[EventType "team-tourn"]
[EventRounds "9"]
[EventCountry "AUT"]
[SourceTitle "EXT 2023"]
[Source "ChessBase"]
[SourceDate "2022.10.05"]
[SourceVersion "1"]
[SourceVersionDate "2022.10.05"]
[SourceQuality "1"]
[WhiteTeam "Lienz (W)"]
[BlackTeam "Wulkaprodersdorf (W)"]
[WhiteTeamCountry "AUT"]
[BlackTeamCountry "AUT"]

1. e4 c6 2. Nc3 d5 3. Nf3 dxe4 4. Nxe4 Nf6 5. Qe2 Nxe4 6. Qxe4 Qd5 7. d3 Nd7 8. g3 Nf6 9. Qxd5 Nxd5 10. a3 g6 11. Bg2 Bg7 12. 0-0 0-0 13. Re1 Re8 14. Rb1 Bf5 15. Bg5 h6 16. Bd2 Rad8 17. h3 Nc7 18. Bb4 Be6 19. Ne5 Bd5 20. Ba5 b6 21. Nxc6 Bxc6 22. Bxc6 bxa5 23. Bxe8 Rxe8 24. c3 e6 25. Re4 Rb8 26. Rc4 Nb5 27. Re1 Nd6 28. Rc6 Nf5 29. Re2 Rd8 30. Rd2 h5 31. Kg2 Bh6 32. Rd1 Rb8 33. b4 axb4 34. axb4 Ne7 35. Rc7 Nd5 36. Rc6 Rb6 37. Rc8+ Kg7 38. Ra1 Bd2 39. c4 Nxb4 40. Rxa7 Nc6 41. Rac7 Nd4 42. Rd7 e5 43. Rcc7 Rf6 44. Rc5 Nf3 45. h4 Bc3 46. Rb5 Bd4 47. c5 Ne1+ 48. Kh3 Rxf2 49. c6 Rf1 50. g4 Rh1+ 51. Kg3 Rg1+ 52. Kh2 Nf3+ 53. Kh3 hxg4# 0-1

[Event "EU-Cup Online Gr-A (Women)"]
[Site "Tornelo INT"]
[Date "2020.12.20"]
[Round "7.2"]
[White "Gueci, Tea"]
[Black "Moerwald, Magdalena"]
[Result "1-0"]
[WhiteElo "2204"]
[BlackElo "1850"]
[PlyCount "71"]
[EventDate "2020.12.19"]
[EventType "team-tourn (rapid)"]
[EventRounds "7"]
[EventCountry "ISS"]
[SourceTitle "CBM 199 Extra"]
[Source "ChessBase"]
[SourceDate "2021.01.31"]
[SourceVersion "1"]
[SourceVersionDate "2021.01.31"]
[SourceQuality "1"]
[WhiteTeam "Italy Caissa (W)"]
[BlackTeam "Wulkaprodersdorf (W)"]
[WhiteTeamCountry "ITA"]
[BlackTeamCountry "AUT"]

1. e4 c6 2. d4 d5 3. e5 Bf5 4. Nf3 e6 5. Be2 c5 6. Be3 Nd7 7. 0-0 Qc7 8. Na3 a6 9. c4 cxd4 10. Bxd4 Bxa3 11. bxa3 dxc4 12. a4 b5 13. axb5 axb5 14. a4 b4 15. Rc1 c3 16. Qb3 Rb8 17. Bb5 Ne7 18. Qxb4 Nd5 19. Qa3 c2 20. Rfe1 Nf4 21. Re3 Qa5 22. Qd6 Rxb5 23. axb5 Qxb5 24. Ra3 Be4 25. Re3 Ne2+ 26. Rxe2 Qxe2 27. Bb2 Bd5 28. Ba3 Qd1+ 29. Ne1 Kd8 30. Qe7+ Kc8 31. Rxc2+ Bc6 32. Rxc6+ Kb7 33. Rc1 Qd5 34. Bd6 Qb5 35. Rc7+ Ka8 36. Qxd7 1-0

[Event "EU-Cup Online Gr-A (Women)"]
[Site "Tornelo INT"]
[Date "2020.12.20"]
[Round "6.3"]
[White "Moerwald, Magdalena"]
[Black "Aflalo, Sophie"]
[Result "0-1"]
[WhiteElo "1850"]
[BlackElo "2156"]
[PlyCount "78"]
[EventDate "2020.12.19"]
[EventType "team-tourn (rapid)"]
[EventRounds "7"]
[EventCountry "ISS"]
[SourceTitle "CBM 199 Extra"]
[Source "ChessBase"]
[SourceDate "2021.01.31"]
[SourceVersion "1"]
[SourceVersionDate "2021.01.31"]
[SourceQuality "1"]
[WhiteTeam "Wulkaprodersdorf (W)"]
[BlackTeam "Tremblay en France (W)"]
[WhiteTeamCountry "AUT"]
[BlackTeamCountry "FRA"]

1. e4 c5 2. Nf3 Nc6 3. d4 cxd4 4. Nxd4 Nf6 5. Nc3 e5 6. Ndb5 d6 7. Bg5 a6 8. Na3 b5 9. Nd5 Be7 10. Bxf6 Bxf6 11. c3 Bg5 12. Nc2 0-0 13. a4 bxa4 14. Rxa4 a5 15. Bc4 Rb8 16. b3 g6 17. 0-0 Kh8 18. Nce3 Be6 19. Qd3 f5 20. exf5 gxf5 21. f4 Bh6 22. fxe5 Nxe5 23. Qe2 f4 24. Qh5 Bg5 25. Bd3 Nxd3 26. Ng4 Bxd5 27. Rd4 Bf7 28. Qh3 Nc5 29. Rfd1 Qe7 30. b4 axb4 31. cxb4 Ne4 32. Qf3 Bg6 33. Qb3 Qa7 34. Kh1 h5 35. Qb2 Qg7 36. Nf2 Bf6 37. Nxe4 Bxd4 38. Qxd4 Qxd4 39. Rxd4 Rfe8 0-1

[Event "EU-Cup Online Gr-A (Women)"]
[Site "Tornelo INT"]
[Date "2020.12.20"]
[Round "5.3"]
[White "Paehtz, Elisabeth"]
[Black "Moerwald, Magdalena"]
[Result "1-0"]
[WhiteElo "2467"]
[BlackElo "1850"]
[PlyCount "75"]
[EventDate "2020.12.19"]
[EventType "team-tourn (rapid)"]
[EventRounds "7"]
[EventCountry "ISS"]
[SourceTitle "CBM 199 Extra"]
[Source "ChessBase"]
[SourceDate "2021.01.31"]
[SourceVersion "1"]
[SourceVersionDate "2021.01.31"]
[SourceQuality "1"]
[WhiteTeam "Monte Carlo (W)"]
[BlackTeam "Wulkaprodersdorf (W)"]
[WhiteTeamCountry "MNC"]
[BlackTeamCountry "AUT"]

1. d4 d5 2. Nf3 e6 3. Bf4 c5 4. e3 Nc6 5. c3 Nf6 6. Nbd2 Bd6 7. Bg3 Ne7 8. Bd3 c4 9. Bc2 b5 10. e4 Bxg3 11. hxg3 Bb7 12. e5 Nd7 13. Ng5 h6 14. Qg4 Rf8 15. Nh3 Qb6 16. Qxg7 b4 17. Rb1 Qa5 18. cxb4 Qxb4 19. Qxh6 Ba6 20. Qe3 Qa5 21. Qc3 Qxa2 22. 0-0 Rb8 23. Rfc1 Bc8 24. b3 cxb3 25. Rxb3 Rxb3 26. Nxb3 Qa6 27. Bd3 Qb6 28. Na5 Ba6 29. Rb1 Bxd3 30. Rxb6 axb6 31. Nb7 Ba6 32. Nd6+ Kd8 33. Ng5 Nf5 34. Ngxf7+ Ke7 35. Nxf5+ exf5 36. Nd6 Be2 37. Qd2 Bg4 38. f3 1-0

[Event "EU-Cup Online Gr-A (Women)"]
[Site "Tornelo INT"]
[Date "2020.12.19"]
[Round "3.4"]
[White "Sarkisian, Aikaterina"]
[Black "Moerwald, Magdalena"]
[Result "0-1"]
[WhiteElo "1016"]
[BlackElo "1850"]
[PlyCount "144"]
[EventDate "2020.12.19"]
[EventType "team-tourn (rapid)"]
[EventRounds "7"]
[EventCountry "ISS"]
[SourceTitle "CBM 199 Extra"]
[Source "ChessBase"]
[SourceDate "2021.01.31"]
[SourceVersion "1"]
[SourceVersionDate "2021.01.31"]
[SourceQuality "1"]
[WhiteTeam "Pafos CC (W)"]
[BlackTeam "Wulkaprodersdorf (W)"]
[WhiteTeamCountry "GRE"]
[BlackTeamCountry "AUT"]

1. e4 c6 2. d4 d5 3. exd5 cxd5 4. c4 Nf6 5. Nc3 Nc6 6. Nf3 Bg4 7. Be2 dxc4 8. Be3 e6 9. Bxc4 Bb4 10. h3 Bxf3 11. Qxf3 0-0 12. 0-0 Nxd4 13. Bxd4 Qxd4 14. Bb3 Bxc3 15. bxc3 Qe4 16. Qd1 Rfd8 17. Qe1 Qc6 18. c4 a5 19. Qc3 Nd5 20. Qf3 Nb4 21. Qxc6 Nxc6 22. Rab1 Rd2 23. a3 a4 24. Bd1 Na5 25. Bxa4 Nxc4 26. Rxb7 g6 27. Bd1 Rxa3 28. Bf3 Raa2 29. Rc7 Ne5 30. Rc3 Rdc2 31. Rxc2 Nxf3+ 32. gxf3 Rxc2 33. Kg2 Kg7 34. Re1 Kf6 35. Re4 g5 36. Kg3 h5 37. h4 Kg6 38. Rd4 f6 39. Re4 e5 40. Rb4 Kf5 41. Ra4 Rc3 42. Re4 g4 43. Re3 Rxe3 44. fxe3 gxf3 45. Kxf3 e4+ 46. Kg3 Ke5 47. Kf2 Ke6 48. Kg3 Kf5 49. Kh3 Ke6 50. Kg3 Ke5 51. Kf2 Kd5 52. Kg3 Kc4 53. Kf4 Kd3 54. Kf5 Kxe3 55. Kg6 Kf4 56. Kxh5 e3 57. Kg6 f5 58. h5 e2 59. h6 e1Q 60. h7 Qh1 61. Kg7 Ke3 62. h8Q Qxh8+ 63. Kxh8 f4 64. Kg7 f3 65. Kg6 f2 66. Kg5 f1Q 67. Kg4 Qf4+ 68. Kh5 Qg3 69. Kh6 Kf4 70. Kh7 Kf5 71. Kh8 Kf6 72. Kh7 Qg7# 0-1

[Event "AUT-chT District U18 Online Rapid"]
[Site "Playchess.com INT"]
[Date "2020.12.12"]
[Round "9"]
[White "Kruckenhauser, Arthur"]
[Black "Moerwald, Magdalena"]
[Result "1-0"]
[WhiteElo "2108"]
[BlackElo "1757"]
[PlyCount "63"]
[EventDate "2020.12.12"]
[EventType "team-swiss (rapid)"]
[EventRounds "9"]
[EventCountry "AUT"]
[SourceTitle "EXT 2022"]
[Source "ChessBase"]
[SourceDate "2021.10.06"]
[SourceVersion "1"]
[SourceVersionDate "2021.10.06"]
[SourceQuality "1"]

1. e4 c6 2. d4 d5 3. f3 dxe4 4. fxe4 Nf6 5. e5 Nd5 6. c4 Nb6 7. Nc3 Be6 8. b3 g6 9. Be3 Bg7 10. Nf3 Bg4 11. h3 Bxf3 12. Qxf3 0-0 13. Rd1 N8d7 14. Bf4 Qc8 15. Qe4 e6 16. Be2 Re8 17. 0-0 c5 18. Bf3 cxd4 19. Nb5 Qc5 20. Nd6 Rf8 21. Nxb7 Qa3 22. Qxd4 Qxa2 23. c5 Nd5 24. Bxd5 exd5 25. Qxd5 Nb8 26. Nd6 Na6 27. Nxf7 Rxf7 28. Qxa8+ Bf8 29. e6 Rf5 30. Bd6 Qc2 31. Rxf5 Qxf5 32. Rf1 1-0

[Event "AUT-chT District U18 Online Rapid"]
[Site "Playchess.com INT"]
[Date "2020.12.12"]
[Round "4"]
[White "Pernerstorfer, Max"]
[Black "Moerwald, Magdalena"]
[Result "1-0"]
[WhiteElo "1887"]
[BlackElo "1757"]
[PlyCount "43"]
[EventDate "2020.12.12"]
[EventType "team-swiss (rapid)"]
[EventRounds "9"]
[EventCountry "AUT"]
[SourceTitle "EXT 2022"]
[Source "ChessBase"]
[SourceDate "2021.10.06"]
[SourceVersion "1"]
[SourceVersionDate "2021.10.06"]
[SourceQuality "1"]

1. e4 c6 2. d4 d5 3. Nd2 dxe4 4. Nxe4 Nd7 5. Nf3 Ngf6 6. Nxf6+ Nxf6 7. Be2 g6 8. 0-0 Bg7 9. Bf4 0-0 10. Qd2 Qb6 11. c3 Rd8 12. Bh6 Bh8 13. Bc4 Nd5 14. Rae1 Be6 15. Ng5 c5 16. Nxe6 fxe6 17. dxc5 Qxc5 18. Qe2 Rd6 19. Bb3 a5 20. Qg4 e5 21. Rd1 b5 22. Rxd5 1-0

[Event "AUT-ch U18 Girls Online Blitz"]
[Site "Playchess.com INT"]
[Date "2020.12.11"]
[Round "5"]
[White "Moerwald, Magdalena"]
[Black "Weingraber, Lena"]
[Result "1/2-1/2"]
[WhiteElo "1767"]
[BlackElo "1620"]
[PlyCount "77"]
[EventDate "2020.12.11"]
[EventType "tourn (blitz)"]
[EventRounds "6"]
[EventCountry "AUT"]
[SourceTitle "EXT 2022"]
[Source "ChessBase"]
[SourceDate "2021.10.06"]
[SourceVersion "1"]
[SourceVersionDate "2021.10.06"]
[SourceQuality "1"]

1. e4 c5 2. Nf3 d6 3. d4 cxd4 4. Qxd4 Nf6 5. Nc3 a6 6. Bg5 Nc6 7. Qd2 e6 8. Bc4 Be7 9. Bb3 h6 10. Bxf6 Bxf6 11. 0-0-0 Be7 12. Rhe1 0-0 13. Kb1 b5 14. Nd4 Nxd4 15. Qxd4 Bb7 16. f3 Qc7 17. e5 Rfd8 18. exd6 Rxd6 19. Qg4 Rad8 20. Rc1 Rd2 21. Ne4 R2d4 22. Qh5 Bxe4 23. fxe4 Rd2 24. Rf1 Bf6 25. Qg4 Bg5 26. h4 Be3 27. Rf3 Bd4 28. Qf4 Qxf4 29. Rxf4 e5 30. Rxf7 Kh8 31. c3 Be3 32. Rcf1 Rxg2 33. Be6 Rdd2 34. Rf8+ Kh7 35. Bg8+ Kg6 36. Bf7+ Kh7 37. Bg8+ Kg6 38. Bf7+ Kh7 39. Bg8+ 1/2-1/2

[Event "EU-ch Online U18 Girls"]
[Site "Tornelo INT"]
[Date "2020.09.18"]
[Round "1"]
[White "Moerwald, Magdalena"]
[Black "Goltseva, Ekaterina"]
[Result "0-1"]
[WhiteElo "1850"]
[BlackElo "2306"]
[PlyCount "72"]
[EventDate "2020.09.18"]
[EventType "swiss (rapid)"]
[EventRounds "9"]
[EventCountry "ENG"]
[SourceTitle "CBM 198 Extra"]
[Source "ChessBase"]
[SourceDate "2020.11.30"]
[SourceVersion "1"]
[SourceVersionDate "2020.11.30"]
[SourceQuality "1"]

1. e4 e6 2. d4 d5 3. Bd3 dxe4 4. Bxe4 Nf6 5. Bf3 c5 6. Ne2 Be7 7. 0-0 0-0 8. c3 Nc6 9. Bxc6 bxc6 10. dxc5 Ba6 11. Qc2 Bxc5 12. b4 Bb6 13. Rd1 Qc7 14. Bf4 e5 15. Bg3 Rad8 16. Na3 Rfe8 17. c4 c5 18. b5 Bb7 19. Rxd8 Qxd8 20. Bh4 Re6 21. Nc3 Rd6 22. Rd1 Rd4 23. Bxf6 Qxf6 24. Nd5 Qd6 25. Rxd4 cxd4 26. Nxb6 axb6 27. Nb1 d3 28. Qd1 Qg6 29. f3 e4 30. fxe4 Qxe4 31. Qd2 Qd4+ 32. Kh1 Qxc4 33. Qe3 h6 34. Qe8+ Kh7 35. Qe3 Qc2 36. Qg1 Bxg2+ 0-1

[Event "AUT-ch Vor4 Internet"]
[Site "Playchess.com INT"]
[Date "2020.04.25"]
[Round "4"]
[White "Kellner, Nikolaus"]
[Black "Moerwald, Magdalena"]
[Result "0-1"]
[WhiteElo "1693"]
[BlackElo "1791"]
[PlyCount "78"]
[EventDate "2020.04.25"]
[EventType "swiss (blitz)"]
[EventRounds "9"]
[EventCountry "AUT"]
[SourceTitle "EXT 2021"]
[Source "ChessBase"]
[SourceDate "2020.10.23"]
[SourceVersion "1"]
[SourceVersionDate "2020.10.23"]
[SourceQuality "1"]

1. g4 d5 2. h3 c5 3. c4 e6 4. Nc3 Nc6 5. e3 Bd6 6. Nf3 Bc7 7. d4 cxd4 8. exd4 dxc4 9. Bxc4 Nge7 10. Be3 a6 11. Qd2 b5 12. Bd3 Bb7 13. 0-0-0 Nb4 14. Kb1 Bxf3 15. Ne4 Nxd3 16. Qxd3 Bxh1 17. Rxh1 Nd5 18. Bg5 f6 19. Nc5 Qd6 20. Ne4 Qe7 21. Bh4 0-0 22. g5 Nf4 23. Qc2 f5 24. Nc5 Ng6 25. Bg3 Bxg3 26. fxg3 Rac8 27. h4 e5 28. h5 exd4 29. hxg6 Qxc5 30. Qb3+ Qc4 31. gxh7+ Kh8 32. Qd1 d3 33. b3 Qc2+ 34. Ka1 Qxd1+ 35. Rxd1 Kxh7 36. Rxd3 Kg6 37. Rd6+ Kxg5 38. Rxa6 Rfe8 39. Rb6 Rc2 0-1

[Event "AUT-ch Vor4 Internet"]
[Site "Playchess.com INT"]
[Date "2020.04.25"]
[Round "6"]
[White "Moerwald, Magdalena"]
[Black "Pasteiner, Gernot"]
[Result "1-0"]
[WhiteElo "1791"]
[BlackElo "1632"]
[PlyCount "83"]
[EventDate "2020.04.25"]
[EventType "swiss (blitz)"]
[EventRounds "9"]
[EventCountry "AUT"]
[SourceTitle "EXT 2021"]
[Source "ChessBase"]
[SourceDate "2020.10.23"]
[SourceVersion "1"]
[SourceVersionDate "2020.10.23"]
[SourceQuality "1"]

1. e4 d5 2. exd5 Qxd5 3. Nc3 Qa5 4. d4 Nf6 5. Bc4 c6 6. Bf4 e6 7. Nf3 Nd5 8. Bxd5 cxd5 9. 0-0 Nc6 10. Qe2 Be7 11. Qb5 Qxb5 12. Nxb5 Kd8 13. Nc7 e5 14. Nxa8 exf4 15. Rfe1 Bd7 16. Ne5 Nxe5 17. Rxe5 Re8 18. Rae1 Be6 19. c4 dxc4 20. d5 Bf6 21. dxe6 Bxe5 22. Rxe5 Rxe6 23. Rd5+ Kc8 24. f3 Re8 25. Rc5+ Kb8 26. Nc7 Rc8 27. Rxc4 Rxc7 28. Rxf4 Rc2 29. Rxf7 Rc7 30. Rf8+ Rc8 31. Rf7 Rg8 32. Kf2 Rc8 33. Rxg7 Rc2+ 34. Ke3 Rxb2 35. f4 Rxa2 36. f5 Ra3+ 37. Kf4 a5 38. f6 Ra4+ 39. Ke5 Rb4 40. f7 Rb5+ 41. Ke6 Rb6+ 42. Ke7 1-0

[Event "AUT-ch Vor4 Internet"]
[Site "Playchess.com INT"]
[Date "2020.04.25"]
[Round "3"]
[White "Reyhani, Adel"]
[Black "Moerwald, Magdalena"]
[Result "1-0"]
[WhiteElo "1918"]
[BlackElo "1791"]
[PlyCount "35"]
[EventDate "2020.04.25"]
[EventType "swiss (blitz)"]
[EventRounds "9"]
[EventCountry "AUT"]
[SourceTitle "EXT 2021"]
[Source "ChessBase"]
[SourceDate "2020.10.23"]
[SourceVersion "1"]
[SourceVersionDate "2020.10.23"]
[SourceQuality "1"]

1. e4 c6 2. d4 d5 3. f3 dxe4 4. fxe4 Nf6 5. Nc3 e6 6. Nf3 Bb4 7. Bd3 0-0 8. 0-0 Nbd7 9. Kh1 c5 10. e5 Nd5 11. Nxd5 exd5 12. Bxh7+ Kh8 13. Ng5 g6 14. Rxf7 Qe8 15. Bxg6 Rxf7 16. Qh5+ Kg7 17. Bxf7 Qd8 18. Ne6# 1-0

[Event "AUT-ch Vor3 Internet"]
[Site "Playchess.com INT"]
[Date "2020.04.17"]
[Round "3"]
[White "Moerwald, Magdalena"]
[Black "Teuschler, Hugo"]
[Result "1-0"]
[WhiteElo "1791"]
[BlackElo "2055"]
[PlyCount "109"]
[EventDate "2020.04.17"]
[EventType "swiss (blitz)"]
[EventRounds "9"]
[EventCountry "AUT"]
[SourceTitle "CBM 195 Extra"]
[Source "ChessBase"]
[SourceDate "2020.05.31"]
[SourceVersion "1"]
[SourceVersionDate "2020.05.31"]
[SourceQuality "1"]

1. e4 c5 2. Nf3 d6 3. d4 cxd4 4. Qxd4 a6 5. Nc3 Nc6 6. Qd1 e5 7. b3 h6 8. Ba3 Nf6 9. Be2 b5 10. Bb2 Be7 11. 0-0 0-0 12. a4 b4 13. Nd5 Nxe4 14. Nxe7+ Nxe7 15. Qd3 Nc5 16. Qd2 Qb6 17. Rad1 Ne4 18. Qd3 Bb7 19. Nd2 Nxd2 20. Rxd2 Rad8 21. Rfd1 Ng6 22. Qg3 Nf4 23. Bc4 Nxg2 24. Bd5 Bxd5 25. Rxd5 Nf4 26. R5d2 f6 27. Kh1 Qc6+ 28. f3 d5 29. Rg1 Rf7 30. Bc1 d4 31. Qh4 Kh7 32. Qg4 Rdd7 33. Qf5+ Kh8 34. Qg4 f5 35. Qg3 Qc7 36. Rf2 g5 37. Bxf4 exf4 38. Qh3 Rh7 39. Re2 Rd8 40. Re6 Qd7 41. Qxf5 Rg8 42. Qe5+ Qg7 43. Qd6 Qd7 44. Qe5+ Qg7 45. Qd6 Qd7 46. Qxa6 d3 47. cxd3 Rd8 48. Rxh6 Rxh6 49. Qxh6+ Qh7 50. Qxg5 Rg8 51. Qf6+ Rg7 52. Rxg7 Qxg7 53. Qxg7+ Kxg7 54. a5 Kf6 55. a6 1-0